Library Banner

Endodontics : (Record no. 139949)

MARC details
000 -LEADER
fixed length control field 00506nam a22001697a 4500
005 - DATE AND TIME OF LATEST TRANSACTION
control field 20260303093347.0
008 - FIXED-LENGTH DATA ELEMENTS--GENERAL INFORMATION
fixed length control field 260303b |||||||| |||| 00| 0 eng d
020 ## - INTERNATIONAL STANDARD BOOK NUMBER
International Standard Book Number 9788131238899 (pbk)
040 ## - CATALOGING SOURCE
Transcribing agency PK-LaUMT
082 ## - DEWEY DECIMAL CLASSIFICATION NUMBER
Classification number 617.6342
Item number TOR-E
100 ## - MAIN ENTRY--PERSONAL NAME
Personal name Torabinejad, Mahmoud
245 ## - TITLE STATEMENT
Title Endodontics :
Remainder of title principles and practice /
Statement of responsibility, etc by Mahmood Torabinejad, Richard E. Walton and Ashraf F. Fouad
250 ## - EDITION STATEMENT
Edition statement 5th ed.
260 ## - PUBLICATION, DISTRIBUTION, ETC. (IMPRINT)
Place of publication, distribution, etc New Delhi :
Name of publisher, distributor, etc Elsevier,
Date of publication, distribution, etc 2015
300 ## - PHYSICAL DESCRIPTION
Extent 482 p.
942 ## - ADDED ENTRY ELEMENTS (KOHA)
Koha item type Books
Holdings
Withdrawn status Lost status Damaged status Home library Current library Date acquired Full call number Barcode Date last seen Price effective from Koha item type Copy number
      UMT Health Sciences Campus UMT Health Sciences Campus 2026-03-03 617.6342 TOR-E 152071 2026-03-03 2026-03-03 Books  
      UMT Health Sciences Campus UMT Health Sciences Campus 2026-03-03 617.6342 TOR-E 152072 2026-03-03 2026-03-03 Books C.2
      UMT Health Sciences Campus UMT Health Sciences Campus 2026-03-03 617.6342 TOR-E 152073 2026-03-03 2026-03-03 Books C.3
      UMT Health Sciences Campus UMT Health Sciences Campus 2026-03-03 617.6342 TOR-E 152074 2026-03-03 2026-03-03 Books C.4
      UMT Health Sciences Campus UMT Health Sciences Campus 2026-03-03 617.6342 TOR-E 152075 2026-03-03 2026-03-03 Books C.5